A trouble shared (Record no. 67374)

MARC details
000 -LEADER
fixed length control field 01504cam a2200313 4500
001 - CONTROL NUMBER
control field ABS64161
008 - FIXED-LENGTH DATA ELEMENTS--GENERAL INFORMATION
fixed length control field 000000n2001 000 0 eng u
035 ## - SYSTEM CONTROL NUMBER
System control number (Sirsi) u113151
100 ## - MAIN ENTRY--PERSONAL NAME
Personal name Briggs, L.
245 #2 - TITLE STATEMENT
Title A trouble shared
260 ## - PUBLICATION, DISTRIBUTION, ETC.
Date of publication, distribution, etc. 2001
490 ## - SERIES STATEMENT
Series statement Estates Gazette
Volume/sequential designation (0122) 2 June 2001, 144-145(2)
520 ## - SUMMARY, ETC.
Summary, etc. Highlights some of the issues surrounding co-location, whereby occupiers share a building for IT-related purposes. Tenants should ensure that the arrangement is properly recognised as a tenancy so that it cannot be terminated during the fixed term by notice, whilst landlords wishing to ensure flexibility or to avoid exclusive possession should include a declaration that the agreement is a licence rather than a tenancy to exclude it from the Landlord and Tennant Act 1954. Notes that co-location facilities fall outside the Town and Country Planning (Use Classes) Order 1987 and that consequently planning consent will be required for a change of use to co-location.
590 ## - LOCAL NOTE (RLIN)
Local note ABS
650 ## - SUBJECT ADDED ENTRY--TOPICAL TERM
Topical term or geographic name entry element AGREEMENTS
650 ## - SUBJECT ADDED ENTRY--TOPICAL TERM
Topical term or geographic name entry element CO-LOCATION CENTRES
650 ## - SUBJECT ADDED ENTRY--TOPICAL TERM
Topical term or geographic name entry element CO-LOCATION FACILITIES
650 ## - SUBJECT ADDED ENTRY--TOPICAL TERM
Topical term or geographic name entry element DRESDEN ESTATES LTD V COLLINSON
650 ## - SUBJECT ADDED ENTRY--TOPICAL TERM
Topical term or geographic name entry element LANDLORD AND TENANT ACT 1954
650 ## - SUBJECT ADDED ENTRY--TOPICAL TERM
Topical term or geographic name entry element LICENCES
650 ## - SUBJECT ADDED ENTRY--TOPICAL TERM
Topical term or geographic name entry element TELEHOTELS
650 ## - SUBJECT ADDED ENTRY--TOPICAL TERM
Topical term or geographic name entry element TENANCIES
650 ## - SUBJECT ADDED ENTRY--TOPICAL TERM
Topical term or geographic name entry element TENANCY AGREEMENTS
650 ## - SUBJECT ADDED ENTRY--TOPICAL TERM
Topical term or geographic name entry element TOWN AND COUNTRY PLANNING (USE CLASSES) ORDER 1987
690 ## - LOCAL SUBJECT ADDED ENTRY--TOPICAL TERM (OCLC, RLIN)
Topical term or geographic name as entry element PROPERTY-LANDLORD AND TENANT
700 ## - ADDED ENTRY--PERSONAL NAME
Personal name Johnson, T.
700 ## - ADDED ENTRY--PERSONAL NAME
Personal name Kirby, A.
942 ## - ADDED ENTRY ELEMENTS (KOHA)
Suppress in OPAC 0
Holdings
Withdrawn status Lost status Source of classification or shelving scheme Damaged status Not for loan Home library Current library Shelving location Date acquired Total Checkouts Full call number Barcode Date last seen Copy number Price effective from Koha item type
    Dewey Decimal Classification     London London Journal article 19/06/2001   ABS64161 113151-1001 06/08/2019 1 06/08/2019 Journal article